| Tag |
First Indicator |
Second Indicator |
Subfields |
| LEADER |
00000cam a2200000 a 4500 |
| 001 |
in00000085427 |
| 005 |
20151008061458.0 |
| 008 |
810107s1980 nyua 00010 eng d |
| 010 |
|
|
|a 80051575
|
| 020 |
|
|
|a 084780335X
|
| 035 |
|
|
|a (OCoLC)07050142
|
| 035 |
|
|
|9 AAJ8148AM
|
| 040 |
|
|
|a FBC
|c FBC
|d OCL
|d TXA
|d UtOrBLW
|
| 049 |
|
|
|a TXAM
|c [444335]
|
| 090 |
|
|
|a ND553.I5
|b P513 1980
|
| 100 |
1 |
|
|a Picon, Gaëtan.
|
| 245 |
1 |
0 |
|a Jean-Auguste-Dominique Ingres /
|c Gaetan Picon ; [translated from the French by Stuart Gilbert].
|
| 250 |
|
|
|a New ed.
|
| 264 |
|
1 |
|a New York :
|b Rizzoli ;
|a Geneva :
|b Skira,
|c 1980.
|
| 300 |
|
|
|a 151 pages :
|b illustrations (some color) ;
|c 35 cm.
|
| 336 |
|
|
|a text
|b txt
|2 rdacontent
|
| 337 |
|
|
|a unmediated
|b n
|2 rdamedia
|
| 338 |
|
|
|a volume
|b nc
|2 rdacarrier
|
| 490 |
1 |
|
|a Discovering the nineteenth century
|
| 500 |
|
|
|a Spine title: Ingres.
|
| 600 |
1 |
0 |
|a Ingres, Jean-Auguste-Dominique,
|d 1780-1867.
|
| 740 |
0 |
|
|a Ingres.
|
| 830 |
|
0 |
|a Discovering the nineteenth century.
|
| 999 |
|
|
|a MARS
|
| 999 |
f |
f |
|s 29667267-17a5-34d0-bd00-b6e73aff9dae
|i 030e9476-6b99-3ee4-9850-7561377640cf
|t 0
|
| 952 |
f |
f |
|p ric
|a Texas A&M University
|b Rellis Campus
|c Joint Library Facility
|d Remote Storage
|t 0
|e ND553.I5 P513 1980
|f Oversize
|h Library of Congress classification
|i unmediated -- volume
|m A14806267592
|
| 998 |
f |
f |
|a ND553.I5 P513 1980
|t 0
|l Remote Storage
|